| 000 | 00000nam##2200000za#4500 |
| 001 | 9.640925 |
| 003 | CaOODSP |
| 005 | 20210624222915 |
| 007 | cr ||||||||||| |
| 008 | 150407|1998||||xxc|||||o f|0| 0 fre|d |
| 040 | |aCaOODSP|bfre |
| 043 | |an-cn--- |
| 086 | 1 |aH39-423/1-1998F-PDF |
| 110 | 1 |aCanada. |bSanté Canada. |
| 245 | 10|aRessources d'action communautaire pour les Inuit, les Métis et les Premières Nations : |h[ressource électronique]|bl’évaluation |
| 260 | |aOttawa - Ontario : |bSanté Canada |c[1998]. |
| 300 | |a82p.|bill. en couleur, figures (certaines en couleur), tableaux |
| 520 | 3 |a« Grâce à l’évaluation, il est possible de remettre ensemble toutes les pièces afin d’obtenir une image cohérente du programme à l’étude, ce qui permet de prendre des décisions éclairées. »--Page 12. |
| 590 | |a12-43-Supp|b2012-12-07 |
| 691 | 07|aAutochtones|2gcpds |
| 691 | 07|aInuit|2gcpds |
| 691 | 07|aMétis|2gcpds |
| 775 | 08|tCommunity action resources for Inuit, Métis and First Nations : |w(CaOODSP)9.696830 |
| 856 | 40|ahttp://publications.gc.ca|qPDF|s865 Ko|uhttps://publications.gc.ca/collections/Collection/H39-423-1-1998F.pdf |